Ovečka, ovečka trojaký úžitok...

Bibliographic Details
Main Author: Ragač, Martin (Author)
Format: Article
Language:Slovak

MARC

LEADER 00000nab a2200000 a 4500
001 vtls010710410
003 SK-MaSNL
005 20260304185635.0
008 250709s2011 xo |||||||||||||||||slo|
035 |a (urnnbn)urn:nbn:sk:snk:ar-a045nn 
035 |a (uuid)5e2593ae-561e-4422-ab6f-19d6c9ced36d 
035 |a urn:nbn:sk:snk-ab3dt3 
040 |a SNKBUCL  |b slo  |c SNKBUCL  |e AACR2 
041 0 |a slo 
044 |a xo  |c SK 
100 1 |a Ragač, Martin  |4 aut  |9 1520157 
245 1 0 |a Ovečka, ovečka trojaký úžitok...  |c Martin Ragač 
773 0 |t Chov oviec a kôz : aktuálne informácie a údaje z PK pre chovateľov a priaznivcov chovu  |g Roč. 31, č. 2 (2011), s. 10 
850 |a Slovenská národná knižnica 
852 |a Slovenská národná knižnica 
954 |a odborná, vedecká literatúra pôvodná (slovenská)  |2 lita 
958 |a article1 
958 |a OND 
958 |a EUIPO 
999 |c 3045019  |d 3046949